00438nam a2200133Ia 4500082002200000245003700022260003200059300000900091650002800100650004100128650003900169650004100208710005500249 aRR 912.5484 AND-P 0aPlanning atlas of Andhra Pradesh aHyderabadbthe authorc1974 av.p. aAndhra PardeshvAtlases aAndhra PradeshvEconomic development aSocial developmentvAndhra Pradesh aRegional developmentvAndhra Pradesh aAndhra Pardesh. Department of finance and Planning